| 000 | 00942cam a2200205 4500 | ||
|---|---|---|---|
| 001 | WB3808-20 | ||
| 008 | 020226n2002 000 0 eng u | ||
| 035 | _a(Sirsi) u116836 | ||
| 245 | _aLandlord and tenant rent review | ||
| 260 | _c2002 | ||
| 490 |
_aEstates Gazette _v[2002] 08 EG 161 (CS) (23/2/02) |
||
| 520 | _a"Iceland Foods plc v Dangoor and others" ChD 8 February 2002, where on a true construction of a rent review clause, it was held that time was not of the essence in relation to the service of a trigger notice by the lessors, Dangoor. They would only have lost their right to a review if they had 'neglected' to pursue the rent review procedure with reasonable despatch once that notice had been served. I's claim rejected. | ||
| 590 | _aWB | ||
| 650 | _aICELAND FOODS PLC V DANGOOR | ||
| 650 | _aRENT REVIEWS | ||
| 650 | _aNEGLECT | ||
| 650 | _aTIME LIMITS | ||
| 690 | _aPROPERTY-LANDLORD AND TENANT | ||
| 942 | _n0 | ||
| 999 |
_c69585 _d69585 |
||